| 000 | 00479nam a2200169Ia 4500 | ||
|---|---|---|---|
| 003 | OSt | ||
| 005 | 20260316141740.0 | ||
| 008 | 211028s2015 xx 000 0 und d | ||
| 040 | _cAIMIT LIBRARY | ||
| 041 | _aeng | ||
| 100 |
_aTelang, Bharat; BL, Srinivas. _g121763 _94554 |
||
| 110 |
_aSrinivas B L _94555 |
||
| 245 | _aPremium paying application on android platform / | ||
| 260 |
_aMangalore _c2015 |
||
| 710 |
_aDavlin Software Solution Pvt. Ltd. _94556 |
||
| 942 |
_2ddc _cPRO |
||
| 999 |
_c217609 _d217609 |
||